Churches and the church. (Record no. 9013)

000 -LEADER
fixed length control field 00516nam a2200181 a 4500
001 - CONTROL NUMBER
control field :::00006794$&:&@@
003 - CONTROL NUMBER IDENTIFIER
control field OkBaRHE
005 - DATE AND TIME OF LATEST TRANSACTION
control field 20000607103333.0
008 - FIXED-LENGTH DATA ELEMENTS--GENERAL INFORMATION
fixed length control field s1957 j 000 0 eng u
040 ## - CATALOGING SOURCE
Transcribing agency
100 1# - MAIN ENTRY--PERSONAL NAME
Personal name Rice, John R.
245 10 - TITLE STATEMENT
Title Churches and the church.
260 ## - PUBLICATION, DISTRIBUTION, ETC. (IMPRINT)
Place of publication, distribution, etc Wheaton, IL., :
Name of publisher, distributor, etc Sword of the Lord
Date of publication, distribution, etc c1957
300 ## - PHYSICAL DESCRIPTION
Extent 30 p. ;
Dimensions 20 cm.
650 ## - SUBJECT ADDED ENTRY--TOPICAL TERM
Topical term or geographic name as entry element Church
942 ## - ADDED ENTRY ELEMENTS (KOHA)
Source of classification or shelving scheme
Koha item type Books
Copies
Copy number Permanent Location Koha item type Barcode Date acquired Not for loan Withdrawn status Lost status Price effective from Full call number Date last seen Source of classification or shelving scheme Shelving location Damaged status
1RHEMA Bible Training CollegeBooks67942010-04-14   2010-04-14BV 600 .R4892010-04-14 General Stacks